000 00441nam a22001697a 4500
005 20160625094855.0
008 160625b xxu||||| |||| 00| 0 eng d
020 _a81-7446-519-7
041 _aeng
082 _b9942
100 _aSengupta, Dr. Nilanjan and Bhattacharya Dr Mousumi S
_92717
245 _aInternational Human Resource Management
260 _bExcel book
_c2007
300 _a309
650 _aManagement
_9241
942 _cBK
999 _c3908
_d3907